LEADER 01044nam a2200253 u 4500 001 000000040453 003 CaOOAMICUS 005 20070226114114.0 008 980527s1930 it u000 u ita u 035 $a10796513 040 $aPUL(R)$bita 100 1 $aBertola, Arnaldo,$d1889-1965.$0(OLS)http://pul/name/9784 245 10$aLezioni di diritto coloniale /$cprof. Arnaldo Bertola. 260 $aTorino :$bGiappichelli,$c1930. 300 $a297 p. ;$c30 cm 500 $aAnno accademico 1929-30-VIII. 504 $aBibliografia a pič pagina. 650 4$aColonialismo$zItalia$xStoria.$0(OLS)http://pul/subject/32159 850 $aPUL 852 $aPUL$W1$xSL Diritto e Scienze Sociali 1$y4$m176 H 20$j54985$nBK-PRI$b $qStampati$B54985$CPULBib$Z2$F54985 $H $81 941 1 $a8 961 $aINV: Sta con: Supplemento al corso di Diritto coloniale / A. Bertola. 996 $6245$aLezioni di diritto coloniale$9(OLS)http://pul/title/54592 996 $6260$aTorino :$bGiappichelli$9(OLS)http://pul/publisher/48244 LEADER 01243nam a2200289 a 4500 001 000000130606 003 CaOOAMICUS 005 20121002151546.0 008 121002s2009 it u000 u ita r 020 $a978-88-13-28821-1 040 $aPUL$bita 082 04$a340.02 245 00$aDiritto dell'internet e delle nuove tecnologie telematiche /$ca cura di Giuseppe Cassano e Iacopo Pietro Cimino. 260 $aPadova :$bCEDAM,$c2009. 300 $aXV, 703 p. ;$c24 cm+$e1 Cd-Rom 500 $aInclude formulari. 650 4$aInternet$xDiritto e legislazione$zItalia.$0(OLS)http://pul/subject/35257 700 1 $aCassano, Giuseppe.$0(OLS)http://pul/name/35446 700 1 $aCimino, Iacopo Pietro.$0(OLS)http://pul/name/73778 850 $aPUL 852 $aPUL$W1$xSL Diritto e Scienze Sociali 3$y79$m340. 02 CASGI 1$j151048$qDDC 21$B149740$CPULBib$Z2$F149740 $H120803 $82 941 1 $a9 996 $6020$a978-88-13-28821-1$9(OLS)http://pul/number/150679 996 $6082$a340.02$9(OLS)http://pul/classification/1913 996 $6245$aDiritto dell'internet e delle nuove tecnologie telematiche$9(OLS)http://pul/title/165063 996 $6260$aPadova :$bCEDAM$9(OLS)http://pul/publisher/48126